| Tag |
First Indicator |
Second Indicator |
Subfields |
| LEADER |
00000cam a2200000 a 4500 |
| 001 |
in00000023942 |
| 005 |
20151007055602.0 |
| 008 |
870706s1988 wb a b 00100 eng |
| 010 |
|
|
|a 87018752
|
| 020 |
|
|
|a 0387181288 (U.S.)
|
| 035 |
|
|
|a (OCoLC)16406696
|
| 035 |
|
|
|9 AAB8642AM
|
| 040 |
|
|
|a DLC
|c DLC
|d TXA
|d UtOrBLW
|
| 049 |
|
|
|a TXAM
|c [A11498158]
|
| 050 |
0 |
0 |
|a SB731
|b .E98 1988
|
| 082 |
0 |
|
|a 632/.3
|2 19
|
| 245 |
0 |
0 |
|a Experimental techniques in plant disease epidemiology /
|c Jürgen Kranz, Joseph Rotem, editors.
|
| 264 |
|
1 |
|a Berlin ;
|a New York :
|b Springer-Verlag,
|c [1988]
|
| 264 |
|
4 |
|c ©1988
|
| 300 |
|
|
|a xviii, 299 pages :
|b illustrations ;
|c 25 cm.
|
| 336 |
|
|
|a text
|b txt
|2 rdacontent
|
| 337 |
|
|
|a unmediated
|b n
|2 rdamedia
|
| 338 |
|
|
|a volume
|b nc
|2 rdacarrier
|
| 504 |
|
|
|a Includes bibliographies and index.
|
| 650 |
|
0 |
|a Plant diseases
|x Epidemiology.
|
| 650 |
|
0 |
|a Epidemiology
|x Research
|x Methodology.
|
| 700 |
1 |
|
|a Kranz, Jürgen.
|
| 700 |
1 |
|
|a Rotem, Joseph,
|d 1920-
|
| 999 |
|
|
|a MARS
|
| 999 |
f |
f |
|s 9a7f2f70-2ebc-3c67-8a0e-a7582839bd86
|i db96fbb9-cc62-3f59-b47e-1d4231da27ef
|t 0
|
| 952 |
f |
f |
|p ric
|a Texas A&M University
|b Rellis Campus
|c Joint Library Facility
|d Remote Storage
|t 0
|e SB731 .E98 1988
|h Library of Congress classification
|i unmediated -- volume
|m A14811498158
|
| 998 |
f |
f |
|a SB731 .E98 1988
|t 0
|l Remote Storage
|